000
00483nam a2200181Ia 4500
008
090124s9999 xx 000 0 und d
082
_b
105460
100
_a
माडगुळकर ग. दि.
245
_a
जोगिया
250
_a
2
260
_c
1960
300
_a
167
600
_a
माडगुळकर ग. दि.
630
_a
जोगिया
700
_a
माडगुळकर ग. दि.
730
_a
जोगिया
942
_c
BOOK
999
_c
151551
_d
151551